ڈ ا کٹر ا حسا ن عا لم ا د ب کا آ ينہ خو ش ر نگ (Record no. 182700)

MARC details
000 -LEADER
fixed length control field 00720nam a22001937a 4500
005 - DATE AND TIME OF LATEST TRANSACTION
control field 20211202113649.0
010 ## - LCCN (DPL NO)
LC control number UR-11346
020 ## - INTERNATIONAL STANDARD BOOK NUMBER
Terms of availability 200.00
International Standard Book Number 9789390533619
035 ## - SYSTEM CONTROL NUMBER
System control number U-9901
037 ## - SOURCE OF ACQUISITION
Source of stock number/acquisition DBAD/PUB
082 ## - DEWEY DECIMAL CLASSIFICATION NUMBER
Classification number 844.08
100 ## - MAIN ENTRY--PERSONAL NAME
Personal name ر يحا ن ا حمد قا د ر ی
245 ## - TITLE STATEMENT
Title ڈ ا کٹر ا حسا ن عا لم ا د ب کا آ ينہ خو ش ر نگ
Statement of responsibility, etc ر يحا ن ا حمد قا د ر ی
246 ## - VARYING FORM OF TITLE
Title proper/short title Ahsan Alam Adab Ka Aina-e-Khushrang Urdu)
Remainder of title by Rehan Ahmed Qadri
260 ## - PUBLICATION, DISTRIBUTION, ETC. (IMPRINT)
Place of publication, distribution, etc N.Delhi
Date of publication, distribution, etc 2021 ء
Name of publisher, distributor, etc Educational Publishing House
270 ## - ADDRESS
Address D1/16,Ansari Road,Darya Ganj,
City New Delhi
Postal code 110002
Fax number -
300 ## - PHYSICAL DESCRIPTION
Extent 112 ص
Dimensions 22 Cm(Hb)
942 ## - ADDED ENTRY ELEMENTS (KOHA)
Source of classification or shelving scheme Dewey Decimal Classification
Item type Urdu Bks
Classification part 844.08
Call number suffix ق ا د
Holdings
Withdrawn status Lost status Not for loan Collection code Home library Current library Date acquired Source of acquisition Cost, normal purchase price Full call number Barcode Copy number Cost, replacement price Koha item type
    Not For Loan Non-fiction D.B.Act.Division Central Library 02/12/2021 DBAD/PUB 200.00 844.08 ق ا د U-9901 1 200.00 Urdu Bks

© Delhi Public Library
Hit Counter
free hit counter